| 000 | 00388 a2200169 4500 | ||
|---|---|---|---|
| 001 | 175231 | ||
| 020 | _a85-262-3014-X | ||
| 040 | _cMagnum | ||
| 100 | _aLeite, Sérgio | ||
| 240 | 1 | 0 |
_aEletricidade e eletromagnetismo _lpor |
| 245 | 1 | 0 | _aEletricidade e eletromagnetismo |
| 300 | _a47 | ||
| 362 | 0 | _a1997 | |
| 440 | 1 | _aScipione | |
| 697 | _aELETRICIDADE E ELETRÔNICA | ||
| 942 | _cBK | ||
| 999 |
_c175231 _d175231 |
||